Largest European Cities on a Map by Letter - V - Statistics

General Stats
  • This quiz has been taken 290 times
  • The average score is 9 of 20
Answers on the Map
Answers color-coded by a green-red scale on the quiz's map according to % correct below.
 
Answer Stats
Pop. City % Correct
1.90m Vienna
99%
791k Valencia
93%
261k Venice
90%
541k Vilnius
83%
258k Verona
70%
336k Varna
62%
293k Vigo
52%
297k Valladolid
49%
1.06m Voronezh
46%
226k Vantaa
34%
251k Vitoria-Gasteiz
32%
373k Vitebsk
31%
152k Västerås
27%
359k Vladimir
26%
132k Volos
25%
314k Vologda
20%
372k Vinnytsia
19%
153k Villeurbanne
16%
193k Vila Nova de Gaia
15%
223k Veliky Novgorod
12%
No matching quizzes found
Score Distribution
Percent of People with Each Score
Percentile by Number Answered
Your Score History
You have not taken this quiz